000 00846nam0a22002651 4500
001 rc\2997802
005 20250806200542.0
035 _a(NLR Aleph) 007141400
090 _a69516
_c69516
100 _a20110918d1942 u y0rusy50 ca
101 0 _arus
102 _aRU
105 _aa z |||||
200 1 _aЖенщины речного флота на трудовом фронте
_fПолитупр. реч. флота СССР
210 _aМосква
_cРечиздат
_d1942
215 _a33 с., включ. обл.
_cил.
_d17 см
300 _aМикрофильм
700 1 _aКрылова
_bА.
_gАнна
801 0 _aRU
_bNLR
_gpsbo
801 1 _aRU
_bELAR
_2rusmarc
852 _aNLR
_bМф
_jК1/376
942 _cBOOK
945 _aРоссийская национальная библиотека
980 _aNB
980 _aBV